| Tag |
First Indicator |
Second Indicator |
Subfields |
| LEADER |
00000cam a2200000 i 4500 |
| 001 |
in00003607085 |
| 008 |
140701t20152015maua j b 000 0beng |
| 005 |
20240705223252.7 |
| 010 |
|
|
|a 2014944675
|
| 019 |
|
|
|a 906021909
|
| 020 |
|
|
|a 9780763668242 (Hardcover)
|
| 020 |
|
|
|a 0763668249 (Hardcover)
|
| 024 |
8 |
|
|a 40025585684
|
| 035 |
|
|
|a (OCoLC)ocn884480001
|
| 035 |
|
|
|a (OCoLC)884480001
|
| 040 |
|
|
|a DLC
|b eng
|e rda
|c DLC
|d YDXCP
|d BTCTA
|d BDX
|d MNW
|d ZQP
|d C9Z
|d IH7
|d NYP
|d MEA
|d CLE
|d OCLCF
|d GK8
|d EHH
|d OCLCO
|d OCL
|d OCLCO
|d VRC
|d OCLCO
|d UtOrBLW
|
| 042 |
|
|
|a pcc
|
| 043 |
|
|
|a n-us-ma
|a n-us---
|
| 049 |
|
|
|a TXAM
|
| 050 |
0 |
0 |
|a GV865.M276
|b T39 2015
|
| 082 |
0 |
0 |
|a 796.357/092
|a B
|2 21
|
| 100 |
1 |
|
|a Tavares, Matt.
|0 http://id.loc.gov/authorities/names/n99040296
|
| 245 |
1 |
0 |
|a Growing up Pedro /
|c Matt Tavares.
|
| 250 |
|
|
|a Reinforced Trade First edition.
|
| 264 |
|
1 |
|a Somerville, Massachusetts :
|b Candlewick Press,
|c [2015]
|
| 300 |
|
|
|a 1 volume (unpaged) :
|b color illustrations ;
|c 31 cm
|
| 336 |
|
|
|a text
|b txt
|2 rdacontent
|
| 337 |
|
|
|a unmediated
|b n
|2 rdamedia
|
| 338 |
|
|
|a volume
|b nc
|2 rdacarrier
|
| 500 |
|
|
|a "A Junior Library Guild Selection"--Book Jacket.
|
| 504 |
|
|
|a Includes bibliographical references.
|
| 520 |
|
|
|a Before Pedro Martínez pitched the Red Sox to a World Series championship, before he was named to the All-Star team eight times, before he won the Cy Young Award three times, he was a kid from a place called Manoguayabo in the Dominican Republic. Pedro loved baseball more than anything, and his older brother Ramón was the best pitcher he'd ever seen. He dreamed of the day he and his brother could play together in the major leagues. This is the story of how that dream came true.--
|c (Source of description not identified)
|
| 586 |
|
|
|a American Library Association Notable Children's Bk
|
| 600 |
1 |
0 |
|a Martínez, Pedro,
|d 1971-
|v Juvenile literature.
|
| 650 |
|
0 |
|a Baseball players
|z Dominican Republic
|v Biography
|v Juvenile literature.
|0 http://id.loc.gov/authorities/subjects/sh2009116824
|
| 650 |
|
0 |
|a Pitchers (Baseball)
|z United States
|v Biography
|v Juvenile literature.
|0 http://id.loc.gov/authorities/subjects/sh2010106483
|
| 600 |
1 |
1 |
|a Martinez, Pedro,
|d 1971-
|
| 650 |
|
1 |
|a Baseball players
|v Biography.
|
| 600 |
1 |
7 |
|a Martínez, Pedro,
|d 1971-
|2 fast
|0 (OCoLC)fst00424367
|
| 650 |
|
7 |
|a Baseball players.
|2 fast
|0 (OCoLC)fst00828007
|
| 650 |
|
7 |
|a Pitchers (Baseball)
|2 fast
|0 (OCoLC)fst01064892
|
| 651 |
|
7 |
|a Dominican Republic.
|2 fast
|0 (OCoLC)fst01206148
|
| 651 |
|
7 |
|a United States.
|2 fast
|0 (OCoLC)fst01204155
|
| 655 |
|
7 |
|a Biographies.
|2 lcgft
|0 http://id.loc.gov/authorities/genreForms/gf2014026049
|
| 655 |
|
7 |
|a Biographies.
|2 fast
|0 (OCoLC)fst01919896
|
| 655 |
|
7 |
|a Biography.
|2 fast
|0 (OCoLC)fst01423686
|
| 655 |
|
7 |
|a Juvenile works.
|2 fast
|0 (OCoLC)fst01411637
|
| 938 |
|
|
|a Brodart
|b BROD
|n 109982320
|
| 938 |
|
|
|a Baker and Taylor
|b BTCP
|n BK0015325718
|
| 938 |
|
|
|a YBP Library Services
|b YANK
|n 11998347
|
| 945 |
|
|
|a PromptCat
|b 487318
|
| 946 |
|
|
|a curr
|
| 947 |
|
|
|a A14843358640
|
| 948 |
|
|
|a Cataloged
|b h
|c 2016/2/3
|d c
|e AReeder
|
| 994 |
|
|
|a 92
|b TXA
|
| 999 |
f |
f |
|s 689d1b18-01ec-35a9-b5d0-c3ea9212d0d9
|i d11440bd-8f81-3eb2-9728-f449eaaf09bd
|t 0
|
| 952 |
f |
f |
|p normal
|a Texas A&M University
|b College Station
|c Sterling C. Evans Library
|d Evans: Curriculum Collection (4th floor)
|t 0
|e GV865.M276 T39 2015
|h Library of Congress classification
|i unmediated -- volume
|m A14843358640
|
| 998 |
f |
f |
|a GV865.M276 T39 2015
|t 0
|l Evans: Curriculum Collection (4th floor)
|